| 000 | 00817 a2200193 4500 | ||
|---|---|---|---|
| 999 |
_c9857 _d9857 |
||
| 020 | _a9781506387246 (pbk. : acidfree paper) | ||
| 050 | 0 | 0 | _aRA1148BAR2019 |
| 100 | 1 |
_aBartol, Curt R., _d1940- _eauthor. |
|
| 245 | 1 | 0 |
_aIntroduction to forensic psychology : _bresearch and application / _cCurt R. Bartol, Anne M. Bartol. |
| 250 | _aFifth edition. | ||
| 264 | 1 |
_aLos Angeles : _bSAGE, _c[2019] |
|
| 300 |
_axxv, 532 pages : _billustrations (some color) ; |
||
| 500 | _aRevised edition of the authors' Introduction to forensic psychology, [2015] | ||
| 504 | _aIncludes bibliographical references and index. | ||
| 650 | 0 | _aForensic psychology. | |
| 700 | 1 |
_aBartol, Anne M., _eauthor. |
|
| 942 |
_2lcc _cBK _h1148 _iBAR _kRA |
||